Statistics for Madden NFL 22 Top 20 RBs

Click here to take the quiz!

General Stats

  • This quiz has been taken 518 times
    (499 since last reset)
  • The average score is 16 of 20

Answer Stats

ClubOverallPlayer% Correct
Tennessee Titans98Derrick Henry
99%
Cleveland Browns96Nick Chubb
98%
Minnesota Vikings95Dalvin Cook
97%
Green Bay Packers92Aaron Jones
96%
New Orleans Saints93Alvin Kamara
96%
Dallas Cowboys90Ezekiel Elliott
96%
New York Giants88Saquon Barkley
96%
Cincinnati Bengals89Joe Mixon
95%
Carolina Panthers97Christian McCaffrey
93%
Indianapolis Colts87Jonathan Taylor
92%
Las Vegas Raiders87Josh Jacobs
92%
Cleveland Browns88Kareem Hunt
87%
Los Angeles Chargers85Austin Ekeler
72%
Tampa Bay Buccaneers83Leonard Fournette
70%
Chicago Bears84David Montgomery
64%
San Francisco 49ers84Raheem Mostert
62%
Seattle Seahawks85Chris Carson
61%
Jacksonville Jaguars86James Robinson
59%
Denver Broncos86Melvin Gordon III
54%
San Francisco 49ers87Kyle Juszczyk
24%

Score Distribution

Percentile by Number Answered

Percent of People with Each Score

Your Score History

You have not taken this quiz since the last reset